00411 2200157 4500001002100000008004100021035002000062245005300082100001400135260002600149300002200175020002200197084001400219082000800233990001200241INLIS000000000002786 IND  a0010-0925000133 aTentang Rasa Yang Ingin Mencari JawabcRatha DKS aRatha DKS aJakartabNuansac2016 a130c(13 x 19 cm) a978-602-6409-09-6 a813 RAT t a813 a0755008